000
00197nam a2200085 4500
001
1241699
005
20251013123004.0
245
_a
ALİCE HARİKALAR DİYARINDA
_c
LEWİS CARROL
260
_b
İŞ BANKASI
999
_c
1241699
_d
1241699